LEADER 00973nam a2200253 4500 001 000000349835 003 CaOOAMICUS 005 20220329141252.0 008 220329s2021 it 000 u ita r 020 $a978-88-96576-73-1 040 $aSeMil$bita 245 10$aVol. 1. 264 1$aBrindisi :$bTrabant,$c2021. 300 $a529 p. ;$c22 cm 490 1 $aPillole per la memoria ;$v25 773 0 $aDe Cesare, Raffaele <1845-1918>$tFine di un regno.$dBrindisi : Trabant, 2021.$b2. Ed.$g1$w()349833 830 0$aPillole per la memoria ;$v25.$0(OLS)http://semarc/title/439478 850 $aSeMil 852 $aSeMil$W1$xVenegono$y1$m3W II 80$j232461$B240874$CSeMilBibl$Z2$F240874 $81 961 $aPerego don Stefano - Omaggio 996 $6020$a978-88-96576-73-1$9(OLS)http://semarc/number/295570 996 $6245$aVol. 1$9(OLS)http://semarc/title/13429 996 $6264$aBrindisi :$bTrabant$9(OLS)http://semarc/publisher/60366 LEADER 00888nam a2200217 i 4500 001 000000207561 003 CaOOAMICUS 005 20111102000000.0 008 111102s1847 it u000 u ita u 013 $a186339 040 $aSeMil$bita 100 0 $aHomerus,$d.$0(OLS)http://semarc/name/1139 245 10$aVol. 2. 260 $aMilano :$bCoi tipi di Giuseppe Redaelli,$c1847. 300 $a282 p. 700 1 $aMaspero, Paolo,$d<1811-1896>.$0(OLS)http://semarc/name/11406 773 0 $aHomerus $tOdissea di Omero.$b2. Ed. riveduta dal traduttore.$dMilano : Tip. Giuseppe Redaelli, 1847.$g2$w()25689 850 $aSeMil 852 $aSeMil$W1$xVenegono$y1$m1P IV 18 FA$j158020$B158020$CSeMilBibl$Z2$F169281 $8I 996 $6245$aVol. 2$9(OLS)http://semarc/title/13458 996 $6260$aMilano :$bCoi tipi di Giuseppe Redaelli$9(OLS)http://semarc/publisher/31296